000 00409nam a2200157Ia 4500
005 20250423095618.0
008 250422s9999 xx 000 0 und d
020 _a0- 9760677- 0- 6
050 _aHD875.U5H53
100 _aFree the slaves Washington, D. C.
245 0 _aHidden Slaves: forced labor in the united states
260 _bHuman right center
260 _c2004
300 _a66 p
942 _cBK
999 _c30798
_d30798